AFL Teams - Statistics

General Stats
  • This quiz has been taken 239 times
  • The average score is 17 of 18
Answer Stats
Answer % Correct
Collingwood Magpies
96%
Brisbane Lions
95%
Carlton Blues
95%
Greater Western Sydney Giants
94%
West Coast Eagles
94%
Adelaide Crows
93%
Fremantle Dockers
93%
North Melbourne Kangaroos
93%
Port Adelaide Power
93%
Sydney Swans
93%
Geelong Cats
92%
Gold Coast Suns
92%
Hawthorn Hawks
92%
Melbourne Demons
92%
Richmond Tigers
92%
Western Bulldogs
92%
Essendon Bombers
91%
St Kilda Saints
85%
No matching quizzes found
Score Distribution
Percent of People with Each Score
Percentile by Number Answered
Your Score History
You have not taken this quiz